Environmental commitment and adoption of green practices among star-rated hotels along the Kenyan Coast (Record no. 22095)

MARC details
000 -LEADER
fixed length control field 00528nam a22001697a 4500
003 - CONTROL NUMBER IDENTIFIER
control field MUT
005 - DATE AND TIME OF LATEST TRANSACTION
control field 20240606081552.0
008 - FIXED-LENGTH DATA ELEMENTS--GENERAL INFORMATION
fixed length control field 230725b |||||||| |||| 00| 0 eng d
040 ## - CATALOGING SOURCE
Transcribing agency MUT
050 ## - LIBRARY OF CONGRESS CALL NUMBER
Classification number TX 911.3
Item number .M27 I7 2022
100 ## - MAIN ENTRY--PERSONAL NAME
Personal name Irungu, Robert Wachira
245 ## - TITLE STATEMENT
Title Environmental commitment and adoption of green practices among star-rated hotels along the Kenyan Coast
260 ## - PUBLICATION, DISTRIBUTION, ETC.
Place of publication, distribution, etc. Murang'a, Kenya
Name of publisher, distributor, etc. MUT
Date of publication, distribution, etc. 2022
650 ## - SUBJECT ADDED ENTRY--TOPICAL TERM
Topical term or geographic name entry element Hotel management
Geographic subdivision Kenya
650 ## - SUBJECT ADDED ENTRY--TOPICAL TERM
Topical term or geographic name entry element Sustainable tourism
Geographic subdivision Kenya
942 ## - ADDED ENTRY ELEMENTS (KOHA)
Source of classification or shelving scheme Library of Congress Classification
Koha item type Thesis
Holdings
Withdrawn status Lost status Source of classification or shelving scheme Damaged status Not for loan Home library Current library Shelving location Date acquired Source of acquisition Total checkouts Full call number Barcode Date last seen Price effective from Koha item type
    Library of Congress Classification   Not for loan Murang'a University of Technology Library Murang'a University of Technology Library   25/07/2023 Postgraduate Submission   TX 911.3 .M27 I7 2022 030743 30/08/2024 25/07/2023 Thesis